000 00735nas a2200241 4500
001 BR9900527
003 BR-BrBNA
005 20231205101218.0
007 ta
008 230509b bl.|||p| |||| 00| 00por d
040 _aBR-BrBNA
_bpor
_cBiblioteca Nacional de Agricultura
041 _a(Pt)
072 _aL74
100 1 _aFragoso, A.B. de L.
100 1 _aLima, F.C. de
245 1 _aEscoliose congenita em boto-cinza na costa do Rio de Janeiro
650 _aBoto
650 _aDisturbio Genetico
650 _aRio de Janeiro
773 0 _tRevista Brasileira de Medicina Veterinaria (Brazil)
_xISSN 0100-2430
_g(Jul-Aug 1998), v. 20(4) p. 174
_wBR9900527
909 _a202311
_bLúcia
_c55
_dLúcia Elande
942 _2AGRIS
_n0
_cANA
999 _c160454
_d160454